| 000 | 00342nam a2200121Ia 4500 | ||
|---|---|---|---|
| 005 | 20251222152039.0 | ||
| 008 | 251222s9999||||xx |||||||||||||| ||spa|| | ||
| 020 | _a978-1-904761-61-7 | ||
| 082 | _a664.024/L95/2007 | ||
| 100 | _a"Lyons, T. P.Jacques, K.A." | ||
| 245 | 0 | _aNutritional biotechnology in the feed and food industries | |
| 942 | _cLIB | ||
| 999 |
_c25951 _d25951 |
||